000 00660nam a2200277Ia 4500
005 20260121124441.0
008 008 260114s9999 xx 000 0 eng d
020 _a9780691240695
037 _aEBOOK
040 _aCRL
040 _beng
040 _cCRL
041 _2eng
041 _aeng
084 _qCRL
100 _aTiberius, Valerie
_9976216
245 0 _aWhat Do You Want out of Life?
260 _bWalter de Gruyter
260 _bWalter de Gruyter
260 _c2023
650 _aPhilosophy
_9976217
856 _uhttp://www.degruyter.com/isbn/9780691240695
942 _cEBOOK
999 _c1554694
_d1554694